Statistics for Top 20 European languages

Click here to take the quiz!

General Stats

  • This quiz has been taken 197 times
  • The average score is 17 of 20

Answer Stats

Speakers(approx)Answer% Correct
59.8millEnglish
100%
65.7millFrench
99%
95millGerman
98%
45millSpanish
98%
60 millItalian
97%
95 millRussian
97%
9.1millSwedish
94%
23.7millRomanian
93%
38.6millPolish
92%
21.9millDutch
91%
13.4millGreek
91%
10.6millCzech
87%
12.6millHungarian
86%
8.9millSerbian
86%
32.6millUkrainian
86%
10millPortuguese
85%
8.1millBulgarian
79%
19millTurkish
79%
10millCatalan
38%
24.2millAzerbaijini
2%

Score Distribution

Percentile by Number Answered

Percent of People with Each Score

Your Score History

You have not taken this quiz